000
00165nam a22000857a 4500
082
_a
823
100
_a
SAM D S
245
_a
FOLK TALES FROM AROUND THE WORLD
942
_c
BK
999
_c
8209
_d
8209